000 00349nam a2200145Ia 4500
008 210210b1898 xxu||||| |||| 00| 0 eng d
041 _aeng
082 _a822/1030
100 _aRUNYON (D)
245 _aSelections
260 _aLondon
_bGeorge Allen and Unwin Limited
_c1898
650 _aSelections
690 _aEnglish Prose
906 _a013213
999 _c132071
_d132071